| Tag |
First Indicator |
Second Indicator |
Subfields |
| LEADER |
00000cas a2200000 a 4500 |
| 001 |
in00000016256 |
| 005 |
20151007052726.0 |
| 008 |
861015d19862000gw mxz 0 a0eng d |
| 010 |
|
|
|a sn 87016067
|
| 012 |
|
|
|i 8707
|k 1
|
| 016 |
7 |
|
|a 8813406
|2 DNLM
|
| 016 |
7 |
|
|a SR0061703
|2 DNLM
|
| 022 |
|
|
|a 0178-515X
|
| 030 |
|
|
|a BIENEU
|
| 035 |
|
|
|a (OCoLC)ocm14395957
|
| 035 |
|
|
|a (OCoLC)14395957
|
| 035 |
|
|
|9 AAA8942AM
|
| 040 |
|
|
|a AGL
|c AGL
|d NSD
|d AGL
|d NST
|d NSD
|d NST
|d AGL
|d NLM
|d NST
|d MYG
|d NST
|d NSD
|d OCL
|d NST
|d AGL
|d CUS
|d MYG
|d OCL
|d CUS
|d HNK
|d GUA
|d UtOrBLW
|
| 042 |
|
|
|a lcd
|a nsdp
|
| 049 |
|
|
|a TXAM
|
| 050 |
1 |
4 |
|a TP248.3
|b .B58
|
| 060 |
0 |
0 |
|a W1
|b BI88P
|
| 070 |
0 |
|
|a TP248.3.B563
|
| 072 |
|
0 |
|a X300
|a X500
|a X600
|
| 092 |
|
|
|a 660.6305
|b B615
|
| 130 |
0 |
|
|a Bioprocess engineering (Berlin, Germany)
|
| 210 |
0 |
|
|a Bioprocess eng.
|b (Berl. West)
|
| 222 |
|
0 |
|a Bioprocess engineering
|b (Berlin, West)
|
| 245 |
1 |
0 |
|a Bioprocess engineering.
|
| 264 |
|
1 |
|a Berlin ;
|a New York :
|b Springer-Verlag,
|c ©1986-©2000.
|
| 300 |
|
|
|a 23 volumes :
|b illustrations ;
|c 28 cm.
|
| 310 |
|
|
|a 12 issues a year,
|b <1994>-2000
|
| 321 |
|
|
|a Semiannual,
|b 1986-
|
| 321 |
|
|
|a 4 no. a year,
|b 198 -
|
| 321 |
|
|
|a 6 no. a year,
|b <1989->
|
| 336 |
|
|
|a text
|b txt
|2 rdacontent
|
| 337 |
|
|
|a unmediated
|b n
|2 rdamedia
|
| 338 |
|
|
|a volume
|b nc
|2 rdacarrier
|
| 362 |
0 |
|
|a Vol. 1, no. 1-v. 23, no. 6 (Dec. 2000).
|
| 500 |
|
|
|a Title from cover.
|
| 500 |
|
|
|a Description based on : Volume 3, number 1 (1988).
|
| 510 |
2 |
|
|a Chemical abstracts
|x 0009-2258
|b 1986
|
| 510 |
2 |
|
|a Biological abstracts
|x 0006-3169
|b 1989-
|
| 510 |
0 |
|
|a Bibliography of Agriculture
|x 0006-1530
|b v. 8, no. 5/6, 1993.
|
| 530 |
|
|
|a Available also on the Internet, <1994-> in HTML, PDF, and PostScript file formats; restricted to institutions with a site/user ID and password; Acrobat Reader or ability to display and/or print PostScript files required to access full-text articles (available 1996-).
|
| 650 |
|
0 |
|a Biochemical engineering
|v Periodicals.
|
| 650 |
|
0 |
|a Biotechnology
|v Periodicals.
|
| 650 |
|
2 |
|a Biological Products
|x analysis
|v periodicals.
|
| 650 |
|
2 |
|a Biotechnology
|v periodicals.
|
| 650 |
|
2 |
|a Chemical Engineering
|v periodicals.
|
| 776 |
1 |
|
|t Bioprocess engineering (Berlin, Germany : Online : LINK (Online Service))
|x 1432-0797
|w (DLC) 2001261176
|w (OCoLC)41210636
|
| 785 |
0 |
0 |
|t Bioprocess and biosystems engineering
|x 1615-7591
|w (DLC) 2001261173
|w (OCoLC)48044883
|
| 850 |
|
|
|a CLSU
|a CPT
|a CU
|a CU-A
|a CU-SB
|a CoU
|a CtY-KS
|a DNAL
|a DNLM
|a DeU
|a GAT
|a IEN
|a IaAS
|a InLP
|a KMK
|a KyU
|a MCM
|a MiEM
|a MiU
|a MoSW
|a MoU
|a NcD
|a NcRS
|a NhD
|a NjP
|a NjR
|a OU
|a PBL
|a ViBlbV
|a ViU
|
| 994 |
|
|
|a E0
|b TXA
|
| 999 |
|
|
|a MARS
|
| 999 |
f |
f |
|s 1d91b6c8-33a4-33b0-a307-c4ccbdb6e836
|i 21c326d3-6f00-3dde-b520-8e8514b856f9
|t 0
|
| 952 |
f |
f |
|p storage
|a Texas A&M University
|b J.J. Pickle Campus
|c High Density Repository
|d Remote Storage
|t 0
|e TP248.3 .B563
|h Library of Congress classification
|i unmediated -- volume
|k v.20
|l 1999
|m A14826392341
|
| 952 |
f |
f |
|p storage
|a Texas A&M University
|b J.J. Pickle Campus
|c High Density Repository
|d Remote Storage
|t 0
|e TP248.3 .B563
|h Library of Congress classification
|i unmediated -- volume
|k v.5
|l 1990
|m A14815310556
|
| 952 |
f |
f |
|p storage
|a Texas A&M University
|b J.J. Pickle Campus
|c High Density Repository
|d Remote Storage
|t 0
|e TP248.3 .B563
|h Library of Congress classification
|i unmediated -- volume
|k v.22
|l 2000
|m A14827359736
|
| 952 |
f |
f |
|p storage
|a Texas A&M University
|b J.J. Pickle Campus
|c High Density Repository
|d Remote Storage
|t 0
|e TP248.3 .B563
|h Library of Congress classification
|i unmediated -- volume
|k v.21:no.1
|l 1999:July
|m A14826422918
|
| 952 |
f |
f |
|p storage
|a Texas A&M University
|b J.J. Pickle Campus
|c High Density Repository
|d Remote Storage
|t 0
|e TP248.3 .B563
|h Library of Congress classification
|i unmediated -- volume
|k v.23:no.1-3
|l 2000
|m A14827938302
|
| 952 |
f |
f |
|p storage
|a Texas A&M University
|b J.J. Pickle Campus
|c High Density Repository
|d Remote Storage
|t 0
|e TP248.3 .B563
|h Library of Congress classification
|i unmediated -- volume
|k v.14
|l 1996
|m A14819990536
|
| 952 |
f |
f |
|p storage
|a Texas A&M University
|b J.J. Pickle Campus
|c High Density Repository
|d Remote Storage
|t 0
|e TP248.3 .B563
|h Library of Congress classification
|i unmediated -- volume
|k v.10
|l 1994
|m A14819297679
|
| 952 |
f |
f |
|p storage
|a Texas A&M University
|b J.J. Pickle Campus
|c High Density Repository
|d Remote Storage
|t 0
|e TP248.3 .B563
|h Library of Congress classification
|i unmediated -- volume
|k v.9
|l 1993
|m A14817870560
|
| 952 |
f |
f |
|p storage
|a Texas A&M University
|b J.J. Pickle Campus
|c High Density Repository
|d Remote Storage
|t 0
|e TP248.3 .B563
|h Library of Congress classification
|i unmediated -- volume
|k v.3
|l 1988
|m A14815167181
|
| 952 |
f |
f |
|p storage
|a Texas A&M University
|b J.J. Pickle Campus
|c High Density Repository
|d Remote Storage
|t 0
|e TP248.3 .B563
|h Library of Congress classification
|i unmediated -- volume
|k v.4
|l 1989
|m A14811954081
|
| 952 |
f |
f |
|p storage
|a Texas A&M University
|b J.J. Pickle Campus
|c High Density Repository
|d Remote Storage
|t 0
|e TP248.3 .B563
|h Library of Congress classification
|i unmediated -- volume
|k v.16
|l 1996/1997
|m A14821431603
|
| 952 |
f |
f |
|p storage
|a Texas A&M University
|b J.J. Pickle Campus
|c High Density Repository
|d Remote Storage
|t 0
|e TP248.3 .B563
|h Library of Congress classification
|i unmediated -- volume
|k v.15:no.1-4
|l 1996:June-Sept.
|m A14821431865
|
| 952 |
f |
f |
|p storage
|a Texas A&M University
|b J.J. Pickle Campus
|c High Density Repository
|d Remote Storage
|t 0
|e TP248.3 .B563
|h Library of Congress classification
|i unmediated -- volume
|k v.18
|l 1998
|m A14823649773
|
| 952 |
f |
f |
|p storage
|a Texas A&M University
|b J.J. Pickle Campus
|c High Density Repository
|d Remote Storage
|t 0
|e TP248.3 .B563
|h Library of Congress classification
|i unmediated -- volume
|k v.8
|l 1992/1993
|m A14817875227
|
| 952 |
f |
f |
|p storage
|a Texas A&M University
|b J.J. Pickle Campus
|c High Density Repository
|d Remote Storage
|t 0
|e TP248.3 .B563
|h Library of Congress classification
|i unmediated -- volume
|k v.7
|l 1991/1992
|m A14816142786
|
| 952 |
f |
f |
|p storage
|a Texas A&M University
|b J.J. Pickle Campus
|c High Density Repository
|d Remote Storage
|t 0
|e TP248.3 .B563
|h Library of Congress classification
|i unmediated -- volume
|k v.17
|l 1997
|m A14823649676
|
| 952 |
f |
f |
|p storage
|a Texas A&M University
|b J.J. Pickle Campus
|c High Density Repository
|d Remote Storage
|t 0
|e TP248.3 .B563
|h Library of Congress classification
|i unmediated -- volume
|k v.23:no.4-6
|l 2000:Oct-Dec
|m A14827938263
|
| 952 |
f |
f |
|p storage
|a Texas A&M University
|b J.J. Pickle Campus
|c High Density Repository
|d Remote Storage
|t 0
|e TP248.3 .B563
|h Library of Congress classification
|i unmediated -- volume
|k v.11
|l 1994
|m A14819297726
|
| 952 |
f |
f |
|p storage
|a Texas A&M University
|b J.J. Pickle Campus
|c High Density Repository
|d Remote Storage
|t 0
|e TP248.3 .B563
|h Library of Congress classification
|i unmediated -- volume
|k v.19
|l 1998
|m A14826392309
|
| 952 |
f |
f |
|p storage
|a Texas A&M University
|b J.J. Pickle Campus
|c High Density Repository
|d Remote Storage
|t 0
|e TP248.3 .B563
|h Library of Congress classification
|i unmediated -- volume
|k v.6
|l 1991
|m A14815294881
|
| 952 |
f |
f |
|p storage
|a Texas A&M University
|b J.J. Pickle Campus
|c High Density Repository
|d Remote Storage
|t 0
|e TP248.3 .B563
|h Library of Congress classification
|i unmediated -- volume
|k v.13
|l 1995
|m A14819990586
|
| 952 |
f |
f |
|p storage
|a Texas A&M University
|b J.J. Pickle Campus
|c High Density Repository
|d Remote Storage
|t 0
|e TP248.3 .B563
|h Library of Congress classification
|i unmediated -- volume
|k v.12
|l 1995
|m A14819297776
|
| 952 |
f |
f |
|p storage
|a Texas A&M University
|b J.J. Pickle Campus
|c High Density Repository
|d Remote Storage
|t 0
|e TP248.3 .B563
|h Library of Congress classification
|i unmediated -- volume
|k v.21:no.2-6
|l 1999:Aug.-Dec.
|m A14826392383
|
| 998 |
f |
f |
|a TP248.3 .B563
|s v.16 -23(1996/1997-2000)
|t 0
|l Remote Storage
|